ČH Hornets Košice - ŠKP Košice 9:8 (2:1, 2:3, 2:2, 3:2) extraliga vodných pólistov - 6. kolo

Bibliographic Details
Format: Article
Language:Slovak
PhysicalDescription:Tab.
ISSN:0139-7001
Subjects:

MARC

LEADER 00000nab a2200000 ar4500
001 vtls008982412
003 SK-MaSNL
005 20260303202754.0
008 070422c20070416xo mr|p|||||||000 b|slo
015 |a SNKBUCL2007/04  |2 snkbucl 
038 |a SNKBUCL 
040 |a SNKBUCL  |b slo  |c SNKBUCL  |e AACR2 
041 0 |a slo 
044 |a xo  |c SK 
080 |a 797.253.093.1  |2 2001 
245 0 0 |a ČH Hornets Košice - ŠKP Košice 9:8 (2:1, 2:3, 2:2, 3:2)  |b extraliga vodných pólistov - 6. kolo 
300 |b Tab. 
648 7 |a sezóna 2006/2007  |2 snkbucl  |9 1032718 
650 0 7 |a vodné pólo  |2 snkbucl  |9 3219 
650 0 7 |a extraliga  |2 snkbucl  |9 18992 
650 0 7 |a 6. kolo  |2 snkbucl  |9 872725 
773 0 |t Šport  |g Roč. 61, č. 86 (14.4.2007), s. 38  |x 0139-7001 
852 |a SNK  |b KIS3GCP 
999 |c 2181672  |d 2183602